Anuario de estudios americanos /
Збережено в:
| Формат: | Книга |
|---|---|
| Мова: | Іспанська |
| Серія: | (Anuarios de Estudios Americanos ;
8) (Publicaciones de la Escuela de Estudios Hispano-Americanos de Sevilla ; 72) |
| Предмети: | |
| Теги: |
Немає тегів, Будьте першим, хто поставить тег для цього запису!
|
MARC
| LEADER | 00000nam^a2200000^a^4500 | ||
|---|---|---|---|
| 001 | 000136459 | ||
| 005 | 20250521000000.0 | ||
| 009 | 20260310095319.238 | ||
| 037 | |a Acervo ITESO - Biblioteca | ||
| 041 | |a ESP | ||
| 082 | |a 980. 005 |b ANU 1951 | ||
| 240 | 1 | 1 | |a [Anuario de estudios americanos] |
| 245 | 0 | 0 | |a Anuario de estudios americanos / |
| 264 | |a Sevilla, España : |b Universidad de Sevilla, Escuela de Estudios Hispanoamericanos de Sevilla, |c 1951 | ||
| 300 | |a XII, 651 p. | ||
| 336 | |a texto |b txt |2 rdacontenido | ||
| 337 | |a sin mediación |b n |2 rdamedio | ||
| 338 | |a volumen |b nc |2 rdasoporte | ||
| 440 | 1 | |a (Anuarios de Estudios Americanos ; |v 8) | |
| 440 | 1 | |a (Publicaciones de la Escuela de Estudios Hispano-Americanos de Sevilla ; |v 72) | |
| 649 | |a XX | ||
| 650 | |a Latinoamérica - |x Historia - |x Publicaciones Periódicas | ||
| 650 | |a España - |x Historia - |x Publicaciones Periódicas | ||
| 650 | |a Panamericanismo - |x Historia | ||
| 650 | |a Política - |z América - |x Historia - |y Guerras de Independencia | ||
| 650 | |a Dinero - |z América - |x Historia - |y Siglo XVI | ||
| 650 | |a Sociedad - |z Argentina - |x Historia - |y Epoca Colonial, 1580-1818 | ||
| 650 | |a Literatura Argentina - |y Siglo XX | ||
| 650 | |a Literatura Argentina - |x Historia y Crítica | ||
| 650 | |a Migración - |z América - |x Historia | ||
| 650 | |a Sociología - |x Teoría | ||
| 650 | |a Carmelitas en Perú | ||
| 650 | |a Monasticismo y Ordenes Religiosas - |z Perú - |x Historia | ||
| 650 | |a Iglesia Católica en Perú - |x Historia | ||
| 650 | |a Cuba - |x Historia - |y Epoca Colonial, 1514-1898 | ||
| 650 | |a Perú - |x Historia - |y Epoca Colonial, 1542-1824 | ||
| 650 | |a Colombia - |x Historia - |y Epoca Colonial, 1550-1819 | ||
| 650 | |a América - |x Historia - |y Descubrimiento y Exploración | ||
| 650 | |a Virreyes de Colombia | ||
| 650 | |a Virreyes de Perú | ||
| 650 | |a Obispos de Lima, Perú | ||
| 650 | |a Obispos de Perú | ||
| 650 | |a Exploradores y Viajeros Italianos | ||
| 650 | |a Políticos Venezolanos | ||
| 650 | |a Independentistas Venezolanos | ||
| 650 | |a Escritores Argentinos | ||
| 650 | |a Colón, Cristóbal | ||
| 650 | |a Fernández Moreno, Baldomero | ||
| 650 | |a Taboada y Lemos, Francisco Gil de | ||
| 910 | |a Fondo Salvador Reynoso Reynoso | ||
| 920 | |a Impresos - Libros | ||
| 930 | |a Fondos Especiales | ||
| 905 | |a 112 | ||
| 901 | |a 0800013817 |b IT2 |c ESP |u 20250521 | ||
| 902 | |a https://opac.biblio.iteso.mx/vufind/Record/000136459 | ||